000 00840nam a22002057a 4500
999 _c5720
_d5720
003 AR-CdUCM
008 190313b ||||| |||| 00| 0 spa d
040 _aMUNICIPALIDAD PROVINCIAL DEL CUSCO
_cBIBLIOTECA MUNICIPAL DEL CUSCO
041 _hrus
082 _a335.4101 /
_bM41
100 _aMeliujin, Serafim
_917034
245 _aDialéctica del Desarrollo en la Naturaleza Inorgánica /
260 _aMéxico :
_bGrijaldo ;
_c1963.
300 _a288 páginas ;
_c22cm
505 _aContenido: Esencia del desarrollo de la materia inorgánica -- Interacción de los contrarios en el desarrollo -- Tránsito recíproco de los cambios cuantitativos a cualitativos -- Relación causal entre os fenómenos en el desarrollo...
650 _aDesarrollo
_92021
650 _aMateria inorgánica
_917035
942 _2ddc
_cLIBROS
945 _anom